| 000 | 00450nam a2200193Ia 4500 | ||
|---|---|---|---|
| 003 | ARRUPE | ||
| 005 | 20140218144640.0 | ||
| 008 | 130227s9999 xx 000 0 und d | ||
| 040 | _cARRUPELIB | ||
| 050 | _aB1649.R93S3 | ||
| 100 |
_aRussell, Bertrand _98739 |
||
| 245 | _aSceptical essays | ||
| 260 | _aLondon | ||
| 260 | _bUnwin Books | ||
| 300 | _a172p | ||
| 300 | _b 18cm | ||
| 650 |
_bJesuits - Formation _98740 |
||
| 942 |
_2lcc _cMONOGRAPH |
||
| 999 |
_c3152 _d3152 |
||